000 01204nam a2200349 i 4500
001 194594
003 SpMaBN
005 20250310063127.0
008 230206s2022 sp | |||| 000 p spa
015 _aMON22
017 _aGR 613-2022
_bOficina Depósito Legal Granada
020 _a9788418694882
040 _aSpMaBN
_bspa
_cSpMaBN
_erda
_dES-MaACL
080 _a821.134.2-14"19"
100 _aSarria Cuevas, José,
_d1960-
_9236244
_eaut
245 1 0 _aTiempo de espera /
_cJosé Sarria.
250 _aPrimera edición: abril 2022
264 1 _a[Granada] :
_bValparaíso Ediciones,
_c[2022].
300 _a62 páginas :
_c21 cm.
336 _aTexto
_2rdacontent
337 _asin mediación
_2rdamedia
338 _avolumen
_2rdacarrier
490 1 _aValparaíso de poesía ;
_vnúmero 303
655 7 _aPoesías
_2tgfbne
_9176539
655 7 _aPoemas en prosa
_2tgfbne
_9226859
852 _aES-MaACL
_cDEPOJ
_jN-8878
_xEncuadernación rústica
_hDonación: Editorial
_9204720
901 _a"ISBN"
942 _cMONOGRAFIA
_n0
999 _c194594
_d194594